German Politicians by Picture - Statistics

General Stats
  • This quiz has been taken 320 times
  • The average score is 28 of 56
Answer Stats
Picture Answer % Correct
Angela Merkel
100%
Ursula von der Leyen
89%
Olaf Scholz
87%
Christian Lindner
81%
Markus Söder
80%
Frank-Walter Steinmeier
79%
Jens Spahn
75%
Horst Seehofer
74%
Sahra Wagenknecht
71%
Armin Laschet
68%
Cem Özdemir
68%
Martin Schulz
68%
Robert Habeck
67%
Annalena Baerbock
66%
Alice Weidel
65%
Alexander Gauland
64%
Heiko Maas
64%
Gregor Gysi
61%
Wolfgang Schäuble
61%
Björn Höcke
59%
Hubertus Heil
59%
Sigmar Gabriel
58%
Andreas Scheuer
57%
Peter Altmaier
57%
Winfried Kretschmann
57%
Franziska Giffey
54%
Andrea Nahles
52%
Julia Klöckner
49%
Michael Kretschmer
46%
Jörg Meuthen
44%
Katarina Barley
44%
Bodo Ramelow
43%
Joschka Fischer
43%
Gerd Müller
41%
Michael Müller
41%
Volker Bouffier
41%
Daniel Günther
40%
Oskar Lafontaine
40%
Manuela Schwesig
39%
Malu Dreyer
37%
Renate Künast
36%
Helge Braun
34%
Katja Kipping
34%
Stephan Weil
34%
Norbert Röttgen
33%
Katrin Göring-Eckardt
30%
Svenja Schulze
30%
Thomas de Maizière
30%
Thomas Oppermann
29%
Reiner Haseloff
26%
Tobias Hans
26%
Anja Karliczek
23%
Dietmar Woidke
23%
Peter Tschentscher
22%
Bernd Riexinger
16%
Carsten Sieling
10%
No matching quizzes found
Score Distribution
Percent of People with Each Score
Percentile by Number Answered
Your Score History
You have not taken this quiz